Chanteurs belges par image - Statistiques

Statistiques générales
  • Ce quiz a été pris 175 fois
  • Le résultat moyen est 11 sur 20
Statistiques - réponses
Par images Réponse % Correct
Stromae
98%
Angèle
93%
Lara Fabian
86%
Jacques Brel
83%
Axelle Red
73%
Maurane
72%
Annie Cordy
71%
Lio
71%
Pierre de Maere
68%
Roméo Elvis
67%
Damso
65%
Salvatore Adamo
55%
Mentissa
52%
Frédéric François
45%
Plastic Bertrand
43%
Arno
30%
Claude Barzotti
27%
Selah Sue
21%
Gotye
16%
Lost Frequencies
11%
Aucun quiz correspondant
Distribution des résultats
% des personnes avec chaque résultat
Percentile par nombre de réponses
Votre historique - résultats
Vous n’avez pas pris ce quiz